Statistiken für Learn Japanese: Tiere (Romaji)

Klicken Sie hier um das Quiz zu spielen!

Allgemein

  • Dieses Quiz wurde 36 mal gespielt
  • Das Durchschnittsergebnis liegt bei 10 aus 32

Antwortstatistiken

Antwort% Korrekt
Neko
96%
Panda
79%
Inu
75%
Uma
54%
Usagi
54%
Kitsune
50%
Kuma
50%
Tori
50%
Sakana
46%
Tora
43%
Saru
39%
Ookami
36%
Zou
36%
Nezumi
32%
Hebi
29%
Hito
29%
Kirin
29%
Raion
25%
Same
25%
Kaeru
21%
Kumo
21%
Ryu
21%
Pengin
18%
Risu
14%
Wani
11%
Washi
11%
Hitode
7%
Hayabusa
4%
Ika
4%
Mushi
4%
Harenezumi
0%
Hihi
0%

Verteilung der Resultate

Perzentil nach korrekt beantworteten Fragen

Anzahl Personen mit jedem Resultat

Ihre Resultats-Entwicklung

Sie haben dieses Quiz noch nicht gespielt